000 00828nam a22002537a 4500
999 _c3022
_d3022
003 AR-CdUCM
008 190305b ||||| |||| 00| 0 spa d
040 _aMUNICIPALIDAD PROVINCIAL DEL CUSCO
_cBIBLIOTECA MUNICIPAL DEL CUSCO
082 _22 ed.
_a869.58 /
_bV18P
100 _aValcárcel, Gustavo
_9737
245 _aPoesía revolucionaria :
_bantología /
260 _aLima :
_bPerú Nuevo,
_c1960.
300 _a42 páginas ;
_c24 cm.
500 _aDonación de la familia Nieto.
505 _aDel libro "Poemas del destierro"
650 _aPoesía peruana
_9806
650 _aPoesía - Antología
_910300
650 _aGustavo Valcarcel - Poesía
_910301
650 _aSiglo XX
_98
650 _aPoesía revolucionaria
_910302
650 _aPoemas del destierro
_910303
942 _2ddc
_cLIBROS
945 _alccs